| 000 -LEADER |
| fixed length control field |
00473nam a22001697a 4500 |
| 005 - DATE AND TIME OF LATEST TRANSACTION |
| control field |
20240501131438.0 |
| 008 - FIXED-LENGTH DATA ELEMENTS--GENERAL INFORMATION |
| fixed length control field |
240501s1977 fr ||||| |||| 00| 0 fre d |
| 041 ## - LANGUAGE CODE |
| Language code of text/sound track or separate title |
fre |
| 080 ## - UNIVERSAL DECIMAL CLASSIFICATION NUMBER |
| Universal Decimal Classification number |
616.89 P-21 |
| 100 ## - MAIN ENTRY--PERSONAL NAME |
| Personal name |
Pankow, Gisela |
| 9 (RLIN) |
22023 |
| 245 ## - TITLE STATEMENT |
| Title |
Structure familiale et psychose / |
| Statement of responsibility, etc. |
Gisela Pankow. |
| 264 ## - PRODUCTION, PUBLICATION, DISTRIBUTION, MANUFACTURE, AND COPYRIGHT NOTICE |
| Place of production, publication, distribution, manufacture |
Paris: |
| Name of producer, publisher, distributor, manufacturer |
Aubier Montaigne, |
| Date of production, publication, distribution, manufacture, or copyright notice |
1977. |
| 300 ## - PHYSICAL DESCRIPTION |
| Extent |
206 p.; |
| Other physical details |
22 cm. |
| 653 ## - INDEX TERM--UNCONTROLLED |
| keyword |
ფსიქოზი |
| 653 ## - INDEX TERM--UNCONTROLLED |
| keyword |
მედიცინა |
| 942 ## - ADDED ENTRY ELEMENTS (KOHA) |
| Source of classification or shelving scheme |
|
| Koha item type |
წიგნი |